000 00520nam a22001937a 4500
005 20230608130417.0
008 230608b ||||| |||| 00| 0 eng d
020 _a9788173313738
040 _aIN-DiNC
_cIN-DiNC
041 _dasm
082 _a891.4513
_bKAL
100 _aKalita, Arupa Patangiya
_eauthor
245 _aTokora bahor sonar beji/
_cby Arupa Patangiya Kalita
250 _a1st ed.
260 _aGuwahati:
_bLawyers book stall,
_c2017
300 _a432p.
650 _aAssamese novel
942 _2ddc
_cBK
999 _c11555
_d11555